|
|
|
|
| LEADER |
02221nam a2200349 a 4500 |
| 001 |
14888189 |
| 008 |
100707r20092007nyua 001 0 eng d |
| 999 |
|
|
|c 9206
|d 9206
|
| 010 |
|
|
|a 2007276740
|
| 020 |
|
|
|a 9780070636774
|
| 020 |
|
|
|a 9780072263855 (pbk.)
|
| 020 |
|
|
|a 0072263857 (pbk.)
|
| 040 |
|
|
|a DLC
|c DLC
|d DLC
|d DB-DhAAL
|
| 082 |
0 |
0 |
|a 005.133
|2 23
|
| 100 |
1 |
|
|a Schildt, Herbert.
|9 29053
|
| 245 |
1 |
0 |
|a Java :
|b the complete reference /
|c Herbert Schildt.
|
| 250 |
|
|
|a 7th ed.
|
| 260 |
|
|
|a New York ;
|a New Delhi :
|b Tata McGraw-Hill,
|c c2007.[reprinted 2009]
|
| 300 |
|
|
|a xxx, 1024 pages :
|b illustrations ;
|c 24 cm.
|
| 504 |
|
|
|a Includes index.
|
| 541 |
1 |
|
|e 00020662
|
| 650 |
|
0 |
|a Java (Computer program language)
|9 29054
|
| 650 |
|
0 |
|a Internet programming.
|9 29055
|
| 852 |
4 |
|
|a Ayesha Abed Library
|j General Shelf.
|
| 942 |
0 |
0 |
|0 1
|2 ddc
|c BK
|
| 952 |
|
|
|0 0
|1 3
|2 ddc
|4 0
|6 006_760000000000000_SCH
|7 0
|9 11603
|a BRACUL
|b BRACUL
|c GEN
|d 2010-07-07
|g 820.00
|l 13
|m 118
|o 006.76 SCH
|p 3010020662
|r 2017-01-18
|s 2013-02-07
|t 1
|w 2010-07-07
|y BK
|x Paid: 1640tk by: 13101144 Receipt: 21803 Date: 18-01-2017
|
| 952 |
|
|
|0 0
|1 0
|2 ddc
|4 0
|6 005_133000000000000_SCH
|7 0
|9 11604
|a BRACUL
|b BRACUL
|c GEN
|d 2010-07-07
|g 820.00
|l 17
|m 114
|o 005.133 SCH
|p 3010020663
|r 2026-05-16
|s 2026-05-07
|t 2
|w 2010-07-07
|y BK
|
| 952 |
|
|
|0 0
|1 0
|2 ddc
|4 0
|6 005_133000000000000_SCH
|7 0
|9 11605
|a BRACUL
|b BRACUL
|c GEN
|d 2010-07-07
|g 820.00
|l 41
|m 405
|o 005.133 SCH
|p 3010020664
|r 2025-11-05
|s 2025-03-03
|t 3
|w 2010-07-07
|y BK
|
| 952 |
|
|
|0 0
|1 2
|2 ddc
|3 Send it to the Cataloging team for changing Call number
|4 0
|6 006_760000000000000_SCH
|7 0
|9 11606
|a BRACUL
|b BRACUL
|c GEN
|d 2010-07-07
|g 820.00
|l 36
|m 224
|o 006.76 SCH
|p 3010020665
|q 2019-11-06
|r 2017-02-12
|s 2017-02-12
|t 4
|w 2010-07-07
|y BK
|
| 952 |
|
|
|0 0
|1 0
|2 ddc
|4 0
|6 005_133000000000000_SCH
|7 0
|9 11607
|a BRACUL
|b BRACUL
|c GEN
|d 2010-07-07
|g 820.00
|l 34
|m 194
|o 005.133 SCH
|p 3010020666
|r 2025-08-13
|s 2025-08-06
|t 5
|w 2010-07-07
|y BK
|
| 952 |
|
|
|0 0
|1 0
|2 ddc
|4 0
|6 005_133000000000000_SCH
|7 0
|9 11777
|a BRACUL
|b BRACUL
|c GEN
|d 2010-08-26
|l 46
|m 414
|o 005.133 SCH
|p 3010020768
|r 2026-02-26
|s 2025-07-15
|t 6
|w 2010-08-26
|y BK
|
| 952 |
|
|
|0 0
|1 0
|2 ddc
|4 0
|6 005_133000000000000_SCH
|7 0
|9 11778
|a BRACUL
|b BRACUL
|c GEN
|d 2010-08-26
|l 45
|m 337
|o 005.133 SCH
|p 3010020769
|r 2026-03-03
|s 2026-02-17
|t 7
|w 2010-08-26
|y BK
|